[Event "15. Obert Int. Sant Martí 2013 - B"]
[Site "Barcelona ESP"]
[Date "2013.07.15"]
[Round "3.8"]
[White "Espinosa Cebrian, Carlos"]
[Black "Garrido Prats, Diego"]
[Result "1/2-1/2"]
[WhiteElo "1861"]
[BlackElo "1776"]
[PlyCount "125"]
[EventDate "2013.07.13"]
[EventType "swiss"]
[EventRounds "9"]
[EventCountry "ESP"]
[SourceTitle "Ajedrez en Madrid"]
[Source "lmi"]
[SourceDate "2013.07.13"]
[SourceVersion "1"]
[SourceVersionDate "2019.06.21"]
[SourceQuality "1"]

1. d4 d5 2. c4 c6 3. Nf3 Nf6 4. g3 dxc4 5. a4 Bf5 6. Na3 e6 7. Nxc4 Bb4+ 8. Bd2
Qe7 9. Qb3 Na6 10. Bg2 Be4 11. O-O Bd5 12. Bxb4 Nxb4 13. a5 O-O 14. Ra4 Na6 15.
Re1 Ne4 16. Qa3 Qxa3 17. Rxa3 Bxc4 18. Ne5 Bd5 19. f3 Nd6 20. e4 Bc4 21. Rc3
Bb5 22. f4 f6 23. Nd7 Rfd8 24. Bh3 f5 25. exf5 exf5 26. Ne5 Nc7 27. g4 Nd5 28.
Rf3 fxg4 29. Bxg4 Nf6 30. Be6+ Kf8 31. h4 Nde4 32. Rfe3 Rxd4 33. Nf3 Rd3 34. f5
Rad8 35. Ng5 Rxe3 36. Rxe3 Nxg5 37. hxg5 Nd5 38. Re4 Re8 39. Rh4 Nc7 40. g6
hxg6 41. Bc8 Rxc8 42. Rh8+ Ke7 43. Rxc8 Ne8 44. fxg6 Kd7 45. Ra8 Ba6 46. Kf2
Nc7 47. Rf8 Bc4 48. Rb8 Ba6 49. Rf8 Ne6 50. Rf7+ Kd6 51. Ke3 Ke5 52. b4 Kd5 53.
Re7 Ke5 54. Rf7 c5 55. bxc5 Nxc5 56. Rxg7 Kf6 57. Rg8 Ne6 58. Ke4 Ng7 59. Ra8
Kxg6 60. Rxa7 Ne6 61. Kd5 Nc7+ 62. Kc5 Kf6 63. Rxb7 1/2-1/2

[Event "15. Obert Int. Sant Martí 2013 - B"]
[Site "Barcelona ESP"]
[Date "2013.07.15"]
[Round "3.9"]
[White "Tortosa Moros, Joan"]
[Black "Ayza Casamitjana, Antoni"]
[Result "0-1"]
[WhiteElo "1771"]
[BlackElo "1860"]
[PlyCount "108"]
[EventDate "2013.07.13"]
[EventType "swiss"]
[EventRounds "9"]
[EventCountry "ESP"]
[SourceTitle "Ajedrez en Madrid"]
[Source "lmi"]
[SourceDate "2013.07.13"]
[SourceVersion "1"]
[SourceVersionDate "2019.06.21"]
[SourceQuality "1"]

1. e4 c5 2. Nf3 e6 3. d4 cxd4 4. Nxd4 Nf6 5. Bd3 Nc6 6. Be3 Ne5 7. f3 Nxd3+ 8.
Qxd3 d5 9. e5 Nd7 10. f4 a6 11. Nc3 Bb4 12. O-O O-O 13. a3 Nc5 14. Qe2 Bxc3 15.
bxc3 Ne4 16. c4 Bd7 17. cxd5 Nc3 18. Qf3 Nxd5 19. Bf2 b5 20. f5 Rc8 21. f6 gxf6
22. Bh4 Kh8 23. Qh5 Qb6 24. Bf2 Qc7 25. Bg3 Qc3 26. Nf3 Qxc2 27. Nh4 f5 28. Bf4
Nxf4 29. Rxf4 Qc5+ 30. Rf2 Qxe5 31. Raf1 Rc4 32. Nf3 Qf6 33. Re1 Qg6 34. Qh3 f6
35. Rd2 Rf7 36. Red1 Rc7 37. Rd6 Kg7 38. Nd4 Qg4 39. Qb3 e5 40. Ne6+ Bxe6 41.
Rxe6 Rcd7 42. Red6 f4 43. h3 Qf5 44. Rxa6 Rxd1+ 45. Qxd1 Rd7 46. Qf1 Qd3 47.
Qf2 Qe3 48. Qxe3 fxe3 49. Kf1 Rd3 50. Ke2 Rb3 51. Rb6 Rxa3 52. Rxb5 Kg6 53. Rb4
f5 54. g4 f4 0-1

[Event "15. Obert Int. Sant Martí 2013 - B"]
[Site "Barcelona ESP"]
[Date "2013.07.15"]
[Round "3.10"]
[White "Torras Chicon, Adria"]
[Black "Carballo Cancela, Manuel"]
[Result "1/2-1/2"]
[WhiteElo "1753"]
[BlackElo "1850"]
[PlyCount "73"]
[EventDate "2013.07.13"]
[EventType "swiss"]
[EventRounds "9"]
[EventCountry "ESP"]
[SourceTitle "Ajedrez en Madrid"]
[Source "lmi"]
[SourceDate "2013.07.13"]
[SourceVersion "1"]
[SourceVersionDate "2019.06.21"]
[SourceQuality "1"]

1. d4 Na6 2. e4 c6 3. Nf3 Nc7 4. c4 d6 5. Nc3 g6 6. Be2 Bg7 7. Be3 Bg4 8. O-O
Nf6 9. Qd2 O-O 10. h3 Bxf3 11. Bxf3 Re8 12. Rad1 Nd7 13. Be2 Rb8 14. f4 b6 15.
f5 c5 16. fxg6 hxg6 17. Rf2 cxd4 18. Bxd4 Bxd4 19. Qxd4 Ne6 20. Qd2 Kg7 21. Bg4
Ne5 22. Bxe6 fxe6 23. Rdf1 Qc7 24. b3 Rf8 25. Ne2 Qc5 26. Nd4 Rxf2 27. Rxf2 Qc8
28. Qg5 Qd7 29. Qf4 Rg8 30. h4 Kh7 31. Qg5 a6 32. h5 b5 33. Rf4 Qa7 34. hxg6+
Rxg6 35. Qh4+ Kg7 36. Qf2 Qc5 37. cxb5 1/2-1/2

[Event "15. Obert Int. Sant Martí 2013 - B"]
[Site "Barcelona ESP"]
[Date "2013.07.15"]
[Round "3.11"]
[White "Serra Vilaro, Agustin"]
[Black "Santiago Llanes, Jose Juan"]
[Result "1/2-1/2"]
[WhiteElo "1849"]
[BlackElo "1741"]
[PlyCount "121"]
[EventDate "2013.07.13"]
[EventType "swiss"]
[EventRounds "9"]
[EventCountry "ESP"]
[SourceTitle "Ajedrez en Madrid"]
[Source "lmi"]
[SourceDate "2013.07.13"]
[SourceVersion "1"]
[SourceVersionDate "2019.06.21"]
[SourceQuality "1"]

1. d4 d5 2. c3 c6 3. Nd2 Bf5 4. Ngf3 e6 5. e3 Nf6 6. Nh4 Bg6 7. Nxg6 hxg6 8.
Bd3 Qc7 9. f4 Nbd7 10. Nf3 Be7 11. Qc2 Ng4 12. O-O f5 13. h3 Ngf6 14. Ng5 Nf8
15. b4 Ne4 16. Bxe4 fxe4 17. Qf2 Qd7 18. Bd2 Bf6 19. h4 Nh7 20. g3 O-O-O 21.
Kg2 Rdf8 22. Qe2 Nxg5 23. fxg5 Bd8 24. Qg4 Rf5 25. Rxf5 exf5 26. Qe2 Bc7 27.
Rh1 Qd6 28. Be1 Rf8 29. a4 Kd7 30. Rf1 Rh8 31. Rh1 Ra8 32. a5 a6 33. Rh3 Rh8
34. Rh1 Bd8 35. Qf1 Rf8 36. Rh3 Bc7 37. Qe2 Bd8 38. Rh1 Be7 39. Rf1 Ra8 40. g4
Qe6 41. gxf5 gxf5 42. Bg3 g6 43. Qf2 Bd6 44. Bxd6 Kxd6 45. Qf4+ Kd7 46. h5 gxh5
47. Qxf5 Qxf5 48. Rxf5 Ke7 49. Kh3 Rh8 50. Kh4 Ke6 51. Rf6+ Ke7 52. Rh6 Rxh6
53. gxh6 Kf7 54. Kxh5 Kf6 55. h7 Kg7 56. h8=Q+ Kxh8 57. Kg6 Kg8 58. Kf6 Kf8 59.
Ke6 Ke8 60. Kd6 Kd8 61. Kc5 1/2-1/2

[Event "15. Obert Int. Sant Martí 2013 - B"]
[Site "Barcelona ESP"]
[Date "2013.07.15"]
[Round "3.12"]
[White "Ferres Saez, Joan"]
[Black "Poyato Ruiz, Fernando"]
[Result "0-1"]
[WhiteElo "1752"]
[BlackElo "1849"]
[PlyCount "86"]
[EventDate "2013.07.13"]
[EventType "swiss"]
[EventRounds "9"]
[EventCountry "ESP"]
[SourceTitle "Ajedrez en Madrid"]
[Source "lmi"]
[SourceDate "2013.07.13"]
[SourceVersion "1"]
[SourceVersionDate "2019.06.21"]
[SourceQuality "1"]

1. e4 e6 2. d4 d5 3. e5 c5 4. c3 Nc6 5. Nf3 Qb6 6. a3 Bd7 7. b4 cxd4 8. cxd4
Nge7 9. Nc3 Nf5 10. Na4 Qd8 11. Bb2 Be7 12. Bd3 Nh4 13. Nxh4 Bxh4 14. Nc5 Bc8
15. Qc2 h6 16. O-O O-O 17. Rac1 Be7 18. Qe2 Bxc5 19. Rxc5 Bd7 20. Qh5 Rc8 21.
Bc1 Nxd4 22. Rxc8 Bxc8 23. Re1 f5 24. Bxh6 gxh6 25. Qg6+ Kh8 26. Qxh6+ Kg8 27.
Qg6+ Kh8 28. Re3 Qh4 29. Rh3 Qxh3 30. gxh3 Rg8 31. Qxg8+ Kxg8 32. Kg2 Kg7 33.
Kg3 Kg6 34. Kf4 Bd7 35. Ke3 Nc6 36. f4 Ne7 37. Be2 a6 38. Kd4 Kf7 39. Bh5+ Ng6
40. Kc5 Kg7 41. Bxg6 Kxg6 42. Kd6 Bc6 43. Kxe6 d4 0-1

[Event "15. Obert Int. Sant Martí 2013 - B"]
[Site "Barcelona ESP"]
[Date "2013.07.15"]
[Round "3.13"]
[White "Berstad, Joerund"]
[Black "Albert Estebanez, Carles"]
[Result "1/2-1/2"]
[WhiteElo "1849"]
[BlackElo "1734"]
[PlyCount "35"]
[EventDate "2013.07.13"]
[EventType "swiss"]
[EventRounds "9"]
[EventCountry "ESP"]
[SourceTitle "Ajedrez en Madrid"]
[Source "lmi"]
[SourceDate "2013.07.13"]
[SourceVersion "1"]
[SourceVersionDate "2019.06.21"]
[SourceQuality "1"]

1. d4 Nf6 2. c4 c5 3. Nf3 e6 4. Nc3 d5 5. cxd5 Nxd5 6. dxc5 Bxc5 7. Nxd5 exd5
8. e3 Bg4 9. Qc2 Bb4+ 10. Bd2 Bxd2+ 11. Nxd2 Nc6 12. Qa4 Bf5 13. Nb3 O-O 14.
Be2 Qf6 15. Qa3 d4 16. Nxd4 Nxd4 17. exd4 Qxd4 18. O-O 1/2-1/2

[Event "15. Obert Int. Sant Martí 2013 - B"]
[Site "Barcelona ESP"]
[Date "2013.07.15"]
[Round "3.14"]
[White "Garcia Punzano, Josep Lluis"]
[Black "Vigier Lopez, Carlos"]
[Result "1-0"]
[WhiteElo "1744"]
[BlackElo "1830"]
[PlyCount "199"]
[EventDate "2013.07.13"]
[EventType "swiss"]
[EventRounds "9"]
[EventCountry "ESP"]
[SourceTitle "Ajedrez en Madrid"]
[Source "lmi"]
[SourceDate "2013.07.13"]
[SourceVersion "1"]
[SourceVersionDate "2019.06.21"]
[SourceQuality "1"]

1. d4 Nf6 2. Nf3 e6 3. Bf4 Be7 4. e3 O-O 5. Bd3 b6 6. Nbd2 Bb7 7. h4 d5 8. Ne5
Nbd7 9. g4 Ne4 10. g5 Nxe5 11. dxe5 g6 12. Qe2 Nc5 13. O-O-O d4 14. Rh2 Nxd3+
15. Qxd3 dxe3 16. Qxe3 Qe8 17. h5 Kg7 18. h6+ Kg8 19. Nc4 Qa4 20. Qb3 Qxb3 21.
axb3 Rfd8 22. Be3 Bf3 23. Rd2 Bb4 24. c3 Be7 25. Rh3 Bb7 26. f4 Rxd2 27. Kxd2
Rd8+ 28. Ke1 Kf8 29. Rh2 Ke8 30. Rd2 Bd5 31. Rd4 Bc5 32. Rd3 Be7 33. Nd2 Rd7
34. c4 Bb7 35. Rxd7 Kxd7 36. Ke2 a6 37. Kd3 Bg2 38. Bd4 Kc6 39. Bc3 Bc5 40. Bd4
Bb4 41. Bc3 Be7 42. Bd4 Bh3 43. Nf3 Bf5+ 44. Kd2 Be4 45. Ne1 Bb1 46. Nf3 Be4
47. Ne1 Bb4+ 48. Bc3 Bc5 49. Ke2 b5 50. b4 Be7 51. Ke3 Bf5 52. b3 Bb1 53. Nf3
Kb6 54. c5+ Kc6 55. Kd4 a5 56. Bd2 a4 57. bxa4 bxa4 58. Kc3 Kd5 59. Nd4 a3 60.
Nb5 a2 61. Kb2 Kc6 62. Nc3 Bd3 63. Kxa2 Bc4+ 64. Ka3 Bd3 65. Ka4 Kb7 66. Nb5
Bc2+ 67. Ka3 Bd3 68. Nd4 Bc4 69. Kb2 Bd5 70. Kc3 Be4 71. Nb5 Kc6 72. Nd4+ Kd5
73. Nb3 Kc6 74. Be3 Bd5 75. Nd2 Kb5 76. Nb1 Kc6 77. Na3 Kb7 78. b5 Kb8 79. Kd4
Ka7 80. Nb1 Bg2 81. Nc3 Kb8 82. Kc4 Bf1+ 83. Kb4 Bg2 84. Ka5 Bf1 85. Na4 Bd8
86. c6 Bg2 87. Nc5 Kc8 88. Nb7 Be7 89. Bc5 Bd8 90. Bf8 Bf3 91. Nc5 Bg2 92. Bg7
Be7 93. Nd7 Bf3 94. Bf8 Bd8 95. Bg7 Be7 96. Ka4 Bd1+ 97. Ka5 Bf3 98. Bf8 Bd8
99. Bb4 Bxc6 100. bxc6 1-0

[Event "15. Obert Int. Sant Martí 2013 - B"]
[Site "Barcelona ESP"]
[Date "2013.07.15"]
[Round "3.15"]
[White "Argemi Camp, Jaume"]
[Black "Torrents Senal, Marc"]
[Result "1-0"]
[WhiteElo "1639"]
[BlackElo "1829"]
[PlyCount "63"]
[EventDate "2013.07.13"]
[EventType "swiss"]
[EventRounds "9"]
[EventCountry "ESP"]
[SourceTitle "Ajedrez en Madrid"]
[Source "lmi"]
[SourceDate "2013.07.13"]
[SourceVersion "1"]
[SourceVersionDate "2019.06.21"]
[SourceQuality "1"]

1. e4 d5 2. exd5 Qxd5 3. Qf3 Qxf3 4. Nxf3 Nf6 5. g3 Bf5 6. d3 e6 7. Bg2 c6 8.
O-O Bd6 9. Nbd2 Nbd7 10. Nc4 Bc7 11. a4 h6 12. a5 Nd5 13. Rd1 O-O 14. c3 N7f6
15. a6 b6 16. Nd4 Rfc8 17. Nxc6 Bxg3 18. Ne7+ Nxe7 19. hxg3 Nfd5 20. Nd6 Rc6
21. Nxf5 Nxf5 22. c4 Nde7 23. Bxc6 Nxc6 24. Bd2 Rd8 25. Be3 Nxe3 26. fxe3 Ne5
27. Rac1 Rxd3 28. Rxd3 Nxd3 29. Rd1 Nxb2 30. Rd7 Nxc4 31. Rxa7 Na5 32. Rc7 1-0

[Event "15. Obert Int. Sant Martí 2013 - B"]
[Site "Barcelona ESP"]
[Date "2013.07.15"]
[Round "3.16"]
[White "Saiz Rodrigo, Josep Fernando"]
[Black "Cano Sevila, Ivan"]
[Result "1/2-1/2"]
[WhiteElo "1950"]
[BlackElo "1672"]
[PlyCount "49"]
[EventDate "2013.07.13"]
[EventType "swiss"]
[EventRounds "9"]
[EventCountry "ESP"]
[SourceTitle "Ajedrez en Madrid"]
[Source "lmi"]
[SourceDate "2013.07.13"]
[SourceVersion "1"]
[SourceVersionDate "2019.06.21"]
[SourceQuality "1"]

1. e4 d5 2. exd5 Qxd5 3. Nc3 Qd8 4. d4 Nf6 5. Nf3 c6 6. Bc4 Bf5 7. Ne5 e6 8. g4
Be4 9. Nxe4 Nxe4 10. c3 Qf6 11. Qe2 Nd6 12. Bb3 Qe7 13. Be3 Nd7 14. O-O-O O-O-O
15. Nxd7 Qxd7 16. d5 exd5 17. Bxa7 Re8 18. Qf3 g6 19. Bb6 Bh6+ 20. Kb1 Re4 21.
Qf6 Rhe8 22. f3 Qe7 23. Qxe7 R4xe7 24. Bc5 Re6 25. Bxd6 1/2-1/2

[Event "15. Obert Int. Sant Martí 2013 - B"]
[Site "Barcelona ESP"]
[Date "2013.07.15"]
[Round "3.17"]
[White "Peiron Lluch, Jose Daniel"]
[Black "Aprea, Daniele"]
[Result "1/2-1/2"]
[WhiteElo "1798"]
[BlackElo "1945"]
[PlyCount "56"]
[EventDate "2013.07.13"]
[EventType "swiss"]
[EventRounds "9"]
[EventCountry "ESP"]
[SourceTitle "Ajedrez en Madrid"]
[Source "lmi"]
[SourceDate "2013.07.13"]
[SourceVersion "1"]
[SourceVersionDate "2019.06.21"]
[SourceQuality "1"]

1. e4 e6 2. d4 d5 3. Nc3 Bb4 4. a3 Bxc3+ 5. bxc3 dxe4 6. Qg4 Nf6 7. Qxg7 Rg8 8.
Qh6 c5 9. Bb2 Bd7 10. O-O-O Bc6 11. f3 Nbd7 12. c4 Qe7 13. Qe3 O-O-O 14. Ne2
exf3 15. gxf3 Ng4 16. fxg4 Bxh1 17. Ng3 cxd4 18. Nf5 dxe3 19. Nxe7+ Kc7 20.
Nxg8 Rxg8 21. Be2 Be4 22. Bd4 b6 23. Bxe3 f6 24. h4 e5 25. Rf1 Kd6 26. Rd1+ Ke7
27. Rf1 Bg6 28. g5 fxg5 1/2-1/2

[Event "15. Obert Int. Sant Martí 2013 - B"]
[Site "Barcelona ESP"]
[Date "2013.07.15"]
[Round "3.18"]
[White "Delgado Lozano, Ignacio Maria"]
[Black "Molano Lafuente, Ismael"]
[Result "1/2-1/2"]
[WhiteElo "1765"]
[BlackElo "1943"]
[PlyCount "61"]
[EventDate "2013.07.13"]
[EventType "swiss"]
[EventRounds "9"]
[EventCountry "ESP"]
[SourceTitle "Ajedrez en Madrid"]
[Source "lmi"]
[SourceDate "2013.07.13"]
[SourceVersion "1"]
[SourceVersionDate "2019.06.21"]
[SourceQuality "1"]

1. Nf3 Nf6 2. g3 b6 3. Bg2 Bb7 4. d4 e6 5. O-O Ne4 6. Nfd2 f5 7. Nxe4 fxe4 8.
c4 d5 9. Nc3 Nc6 10. Bh3 Qf6 11. Bxe6 Qxe6 12. cxd5 Qd7 13. dxc6 Bxc6 14. d5
Bb7 15. Qd4 O-O-O 16. Qxe4 Bxd5 17. Nxd5 Qxd5 18. Qxd5 Rxd5 19. Bf4 g5 20. e4
Rb5 21. Be3 Bg7 22. Rab1 Re8 23. f3 g4 24. fxg4 Rxe4 25. Bc1 Rxg4 26. Kg2 Rg6
27. Rf2 Rf6 28. Re2 Kd7 29. Bf4 Rd5 30. Rc1 c5 31. Rce1 1/2-1/2

[Event "15. Obert Int. Sant Martí 2013 - B"]
[Site "Barcelona ESP"]
[Date "2013.07.15"]
[Round "3.19"]
[White "Llopis Jordan, Lluis"]
[Black "Riera Danes, Manel"]
[Result "1/2-1/2"]
[WhiteElo "1786"]
[BlackElo "1930"]
[PlyCount "29"]
[EventDate "2013.07.13"]
[EventType "swiss"]
[EventRounds "9"]
[EventCountry "ESP"]
[SourceTitle "Ajedrez en Madrid"]
[Source "lmi"]
[SourceDate "2013.07.13"]
[SourceVersion "1"]
[SourceVersionDate "2019.06.21"]
[SourceQuality "1"]

1. d4 d5 2. c4 e6 3. Nc3 Nf6 4. Bg5 Nbd7 5. e3 c6 6. Nf3 Qa5 7. Nd2 Be7 8. Be2
O-O 9. O-O dxc4 10. Bxf6 Nxf6 11. Nxc4 Qd8 12. f4 c5 13. Kh1 cxd4 14. exd4 Nd5
15. Rf3 1/2-1/2

[Event "15. Obert Int. Sant Martí 2013 - B"]
[Site "Barcelona ESP"]
[Date "2013.07.15"]
[Round "3.20"]
[White "Beaskoa Estany, Gabriel"]
[Black "Lozano Diaz, Antoni"]
[Result "0-1"]
[WhiteElo "1930"]
[BlackElo "1846"]
[PlyCount "138"]
[EventDate "2013.07.13"]
[EventType "swiss"]
[EventRounds "9"]
[EventCountry "ESP"]
[SourceTitle "Ajedrez en Madrid"]
[Source "lmi"]
[SourceDate "2013.07.13"]
[SourceVersion "1"]
[SourceVersionDate "2019.06.21"]
[SourceQuality "1"]

1. e4 c6 2. Nf3 d5 3. Nc3 Bg4 4. h3 Bxf3 5. Qxf3 d4 6. Ne2 e5 7. Ng3 Qf6 8. Qb3
b6 9. Be2 g6 10. O-O Bd6 11. a4 Nd7 12. c3 Nc5 13. Qc2 Ne6 14. d3 Ne7 15. Bg4
c5 16. Bxe6 Qxe6 17. c4 Nc6 18. Bd2 a5 19. Qd1 h5 20. f3 O-O-O 21. Ra3 f6 22.
Qe1 h4 23. Nh1 g5 24. Nf2 Rh7 25. Qe2 Re8 26. Ng4 Nb4 27. Bxb4 cxb4 28. Raa1
Bc5 29. b3 Reh8 30. Kf2 Rf7 31. Ke1 Kb7 32. Kd2 Ka6 33. Rae1 Rg7 34. Qf2 Rgh7
35. Rh1 Qe7 36. g3 hxg3 37. Qxg3 Rh4 38. Nf2 Qf8 39. Rh2 Bd6 40. Rg1 Qe7 41.
Qg2 R8h5 42. Qf1 Qe6 43. Rg4 Qf7 44. Qg2 Qh7 45. Rxh4 Rxh4 46. Qg1 Qh5 47. Ng4
Be7 48. Qg2 Qh8 49. Nf2 Qh5 50. Nh1 Qh6 51. Kc2 Qh7 52. Ng3 Bc5 53. Nf5 Rf4 54.
Qg3 Qh5 55. Rf2 Bf8 56. Kd2 Qh7 57. Ke2 Qh5 58. Rh2 Bh6 59. h4 g4 60. Rf2 gxf3+
61. Kf1 Rg4 62. Qxf3 Be3 63. Nxe3 dxe3 64. Qxe3 Rxh4 65. Qf3 Qh6 66. Qxf6 Qc1+
67. Ke2 Qc2+ 68. Kf1 Qd1+ 69. Kg2 Qg4+ 0-1

[Event "15. Obert Int. Sant Martí 2013 - B"]
[Site "Barcelona ESP"]
[Date "2013.07.15"]
[Round "3.21"]
[White "Martinez Hernandez, Emili"]
[Black "Dominguez Carnero, Javier"]
[Result "0-1"]
[WhiteElo "1756"]
[BlackElo "1913"]
[PlyCount "148"]
[EventDate "2013.07.13"]
[EventType "swiss"]
[EventRounds "9"]
[EventCountry "ESP"]
[SourceTitle "Ajedrez en Madrid"]
[Source "lmi"]
[SourceDate "2013.07.13"]
[SourceVersion "1"]
[SourceVersionDate "2019.06.21"]
[SourceQuality "1"]

1. d4 Nf6 2. Nf3 e6 3. c4 b6 4. g3 Bb7 5. Bg2 Be7 6. O-O O-O 7. Nc3 d5 8. cxd5
Nxd5 9. Qc2 Nd7 10. a3 Rc8 11. e4 Nxc3 12. bxc3 c5 13. Qd2 cxd4 14. Nxd4 Ne5
15. Qe3 Nc4 16. Qe1 Ba6 17. Ne2 Na5 18. Bb2 Nc4 19. Bc1 Qd3 20. Qd1 Nd6 21.
Qxd3 Bxd3 22. Re1 Bxe4 23. Bf4 Bxg2 24. Kxg2 Nc4 25. a4 e5 26. Ng1 Bf6 27. Be3
Rfd8 28. Kf1 Rd3 29. Rac1 e4 30. Bf4 g5 31. Be3 Bxc3 32. Red1 Nxe3+ 33. fxe3
Rxd1+ 34. Rxd1 Rc4 35. Rc1 Rc5 36. Rc2 Kf8 37. Ne2 Bb4 38. Rb2 Ba5 39. Kg2 Rc4
40. Ra2 Bb4 41. Nd4 Bc5 42. Nf5 Ke8 43. Kh3 Rc3 44. Kg4 f6 45. a5 b5 46. Rd2
Rd3 47. Rc2 Rd5 48. Nd4 Bxd4 49. exd4 Kd7 50. Rf2 Ke6 51. Rc2 Rxd4 52. Rc7 Rd7
53. Rc6+ Ke7 54. Kf5 e3 55. Re6+ Kf7 56. Rxe3 Rd5+ 57. Kg4 Rc5 58. Rd3 Ke7 59.
Re3+ Re5 60. Rc3 Kd7 61. Rd3+ Kc7 62. Rf3 b4 63. Rxf6 Rxa5 64. Rf7+ Kc6 65.
Rf6+ Kb5 66. Kxg5 Ka4+ 67. Kh6 b3 68. Kxh7 b2 69. Rf4+ Kb3 70. Rf3+ Ka2 71. Rf2
Ka1 72. Rf1+ b1=Q+ 73. Rxb1+ Kxb1 74. Kg6 Ra2 0-1

[Event "15. Obert Int. Sant Martí 2013 - B"]
[Site "Barcelona ESP"]
[Date "2013.07.15"]
[Round "3.22"]
[White "Esteban Bruguera, German"]
[Black "Gonzalez Edo, David"]
[Result "1/2-1/2"]
[WhiteElo "1896"]
[BlackElo "1777"]
[PlyCount "70"]
[EventDate "2013.07.13"]
[EventType "swiss"]
[EventRounds "9"]
[EventCountry "ESP"]
[SourceTitle "Ajedrez en Madrid"]
[Source "lmi"]
[SourceDate "2013.07.13"]
[SourceVersion "1"]
[SourceVersionDate "2019.06.21"]
[SourceQuality "1"]

1. Nf3 Nf6 2. g3 g6 3. Bg2 Bg7 4. O-O O-O 5. d4 d5 6. c3 Bg4 7. Ne5 Bf5 8. Nd2
Ng4 9. Ndf3 Nxe5 10. Nxe5 c6 11. Bf4 Nd7 12. Nxd7 Qxd7 13. Qd2 Bh3 14. Rfe1
Bxg2 15. Kxg2 Qf5 16. f3 Qd7 17. Bh6 Rae8 18. Bxg7 Kxg7 19. e4 e6 20. e5 Qe7
21. Re2 c5 22. h4 h5 23. Rd1 cxd4 24. Qxd4 b6 25. Red2 Rc8 26. Qe3 Rc7 27. Rd4
Rc4 28. Rxc4 dxc4 29. Qd4 b5 30. Qd6 Qxd6 31. Rxd6 Rb8 32. a3 Rb7 33. Kf2 Kf8
34. Ke3 Ke7 35. Rd4 Rc7 1/2-1/2

[Event "15. Obert Int. Sant Martí 2013 - B"]
[Site "Barcelona ESP"]
[Date "2013.07.15"]
[Round "3.23"]
[White "Martin Sanchez, Antoni"]
[Black "Alvarez Serrano, Carlos"]
[Result "0-1"]
[WhiteElo "1730"]
[BlackElo "1894"]
[PlyCount "54"]
[EventDate "2013.07.13"]
[EventType "swiss"]
[EventRounds "9"]
[EventCountry "ESP"]
[SourceTitle "Ajedrez en Madrid"]
[Source "lmi"]
[SourceDate "2013.07.13"]
[SourceVersion "1"]
[SourceVersionDate "2019.06.21"]
[SourceQuality "1"]

1. d4 Nf6 2. c4 e6 3. Nc3 Bb4 4. Bd2 b6 5. Nf3 Bb7 6. e3 Bxc3 7. Bxc3 Ne4 8.
Rc1 d6 9. Bd3 Nd7 10. O-O f5 11. Nd2 Nxc3 12. Rxc3 Qg5 13. e4 O-O-O 14. f4 Qf6
15. d5 Nc5 16. Bc2 exd5 17. exd5 Rde8 18. Nf3 Ba6 19. Re1 h6 20. Qb1 g6 21. Bb3
g5 22. fxg5 hxg5 23. Qc1 g4 24. Nd2 Qd4+ 25. Kh1 Nd3 26. Rxe8+ Rxe8 27. Qf1 Re1
0-1

[Event "15. Obert Int. Sant Martí 2013 - B"]
[Site "Barcelona ESP"]
[Date "2013.07.15"]
[Round "3.24"]
[White "Palomero Galvez, Antonio"]
[Black "Sirletti, Sonia"]
[Result "1-0"]
[WhiteElo "1625"]
[BlackElo "1888"]
[PlyCount "51"]
[EventDate "2013.07.13"]
[EventType "swiss"]
[EventRounds "9"]
[EventCountry "ESP"]
[SourceTitle "Ajedrez en Madrid"]
[Source "lmi"]
[SourceDate "2013.07.13"]
[SourceVersion "1"]
[SourceVersionDate "2019.06.21"]
[SourceQuality "1"]

1. d4 d5 2. Nf3 Nf6 3. c4 e6 4. Nc3 Be7 5. Bf4 Nh5 6. Bg3 O-O 7. e3 b6 8. cxd5
exd5 9. Rc1 Nxg3 10. hxg3 h6 11. Bd3 Bb7 12. Ne5 c5 13. Rxh6 Bg5 14. Bh7+ Kh8
15. Rh3 Bh6 16. Bc2 Kg8 17. dxc5 bxc5 18. Ng4 Qd6 19. Nxh6+ gxh6 20. Qg4+ Kh8
21. Qf5 Qg6 22. Qxg6 fxg6 23. Rxh6+ Kg8 24. Rxg6+ Kf7 25. Nb5 Ba6 26. Nc7 1-0

[Event "15. Obert Int. Sant Martí 2013 - B"]
[Site "Barcelona ESP"]
[Date "2013.07.15"]
[Round "3.25"]
[White "Bayarri Ponsa, Eduard"]
[Black "Romero Gamez, Francisco Javier"]
[Result "1/2-1/2"]
[WhiteElo "1878"]
[BlackElo "1683"]
[PlyCount "69"]
[EventDate "2013.07.13"]
[EventType "swiss"]
[EventRounds "9"]
[EventCountry "ESP"]
[SourceTitle "Ajedrez en Madrid"]
[Source "lmi"]
[SourceDate "2013.07.13"]
[SourceVersion "1"]
[SourceVersionDate "2019.06.21"]
[SourceQuality "1"]

1. e4 c5 2. Nf3 d6 3. d4 cxd4 4. Nxd4 Nf6 5. Nc3 a6 6. Be2 e5 7. Nb3 Be6 8. O-O
Nbd7 9. Be3 Be7 10. f3 Nb6 11. Kh1 O-O 12. Bxb6 Qxb6 13. Nd5 Bxd5 14. exd5 Rac8
15. c4 Nd7 16. Qd2 h6 17. g3 f5 18. Bd3 Nc5 19. Nxc5 Qxc5 20. b4 Qd4 21. Qc2 e4
22. fxe4 fxe4 23. Bxe4 Rxc4 24. Bh7+ Kh8 25. Qd3 Qxd3 26. Bxd3 Rxb4 27. Rxf8+
Bxf8 28. Rf1 Be7 29. Re1 Bf8 30. Rf1 Kg8 31. Bf5 Be7 32. Be6+ Kh7 33. Rf7 Bf6
34. Bf5+ Kg8 35. Bg6 1/2-1/2

[Event "15. Obert Int. Sant Martí 2013 - B"]
[Site "Barcelona ESP"]
[Date "2013.07.15"]
[Round "3.26"]
[White "Gisbert Mir, Alejandro"]
[Black "Subirana Santos, Marc"]
[Result "1-0"]
[WhiteElo "1852"]
[BlackElo "1759"]
[PlyCount "69"]
[EventDate "2013.07.13"]
[EventType "swiss"]
[EventRounds "9"]
[EventCountry "ESP"]
[SourceTitle "Ajedrez en Madrid"]
[Source "lmi"]
[SourceDate "2013.07.13"]
[SourceVersion "1"]
[SourceVersionDate "2019.06.21"]
[SourceQuality "1"]

1. d4 Nf6 2. c4 g6 3. Nc3 Bg7 4. e4 d6 5. f3 O-O 6. Be3 Nc6 7. Qd2 a6 8. a4 e5
9. d5 Ne7 10. Bd3 Nd7 11. Nge2 f5 12. exf5 gxf5 13. O-O f4 14. Bf2 Nf6 15. Ne4
Nxe4 16. Bxe4 Qe8 17. Nc3 Qh5 18. g4 Qh3 19. Be1 Bd7 20. Qg2 Qxg2+ 21. Kxg2 Kh8
22. h4 Rab8 23. Bd3 c6 24. Bf2 Nc8 25. a5 c5 26. Ne4 b6 27. axb6 Rxb6 28. Rfb1
Ne7 29. b4 Rfb8 30. bxc5 Rb3 31. cxd6 Rxb1 32. Rxb1 Rxb1 33. Bxb1 Nc8 34. c5
Bb5 35. c6 1-0